Normal view
MARC view
- Ali, Mirza Shujaat
Entry Personal Name
001 - CONTROL NUMBER
- control field: 112146
003 - CONTROL NUMBER IDENTIFIER
- control field: NUST
005 - DATE AND TIME OF LATEST TRANSACTION
- control field: 20230505104813.0
008 - FIXED-LENGTH DATA ELEMENTS
- fixed length control field: 230505|| aca||aabn | a|a d
040 ## - CATALOGING SOURCE
- Original cataloging agency: NUST
- Transcribing agency: NUST
100 ## - HEADING--PERSONAL NAME
- Personal name: Ali, Mirza Shujaat
670 ## - SOURCE DATA FOUND
- Source citation: Work cat.: (NUST): Ali, Mirza Shujaat, Printed Ridge Gap Waveguide Antenna for Frequency Scanning Application /
